[Event "Let's Play Chess!"]
[Site "http://www.queenalice.com/game.php?id=1567729"]
[Date "2019.4.15"]
[Round "-"]
[White "igorjava"]
[Black "Tarasca"]
[Result "0-1"]
[WhiteElo "2031"]
[BlackElo "1926"]

1. e4 c5 2. Nf3 d6 3. d4 cxd4 4. Nxd4 Nf6 5. Nc3 a6 6. Bg5 e6 7. Bxf6 Qxf6 8. a3
Nc6 9. Nf3 b5 10. Be2 Be7 11. O-O O-O 12. Ne1 Bb7 13. f3 d5 14. exd5 Nd4 15. Bd3
exd5 16. Rb1 Ne6 17. Be2 Qh6 18. Nxd5 Bxd5 19. Qxd5 Nf4 20. Qe5 Bd6 21. Qf5
Nxe2+ 22. Kf2 Rae8 23. Qh3 Bc5# 0-1

[Event "Let's Play Chess!"]
[Site "http://www.queenalice.com/game.php?id=1567730"]
[Date "2019.4.15"]
[Round "-"]
[White "Tarasca"]
[Black "igorjava"]
[Result "1-0"]
[WhiteElo "1500"]
[BlackElo "1975"]

1. e4 c5 2. Nf3 d6 3. d4 cxd4 4. Nxd4 Nf6 5. Nc3 Nc6 6. Bg5 e5 7. Bxf6 Qxf6 8.
Ndb5 Qd8 9. Nd5 Qa5+ 10. c3 Rb8 11. b4 Qd8 12. Nbc7+ Kd7 13. Qg4+ 1-0

[Event "Challenge"]
[Site "http://www.queenalice.com/game.php?id=1569887"]
[Date "2019.5.5"]
[Round "-"]
[White "ivansm"]
[Black "Tarasca"]
[Result "0-1"]
[WhiteElo "1907"]
[BlackElo "2037"]

1. e4 c5 2. Nf3 d6 3. Bc4 Nf6 4. h3 Nxe4 5. O-O e6 6. d3 Nf6 7. Bg5 Be7 8. Nc3
Nc6 9. a3 O-O 10. Re1 h6 11. Bh4 b6 12. Qd2 Bb7 13. Bg3 d5 14. Bb3 Rc8 15. Re2
Nh7 16. Ba4 Ng5 17. Ne5 Nxe5 18. Bxe5 d4 19. Nb5 Bxg2 20. Nd6 Nf3+ 21. Kxg2 Nxd2
22. Nxc8 Qd5+ 23. Re4 Rxc8 0-1

[Event "Challenge"]
[Site "http://www.queenalice.com/game.php?id=1569892"]
[Date "2019.5.5"]
[Round "-"]
[White "Tarasca"]
[Black "Marcio_Faria"]
[Result "1-0"]
[WhiteElo "2079"]
[BlackElo "1887"]

1. e4 c5 2. Nf3 Nc6 3. d4 cxd4 4. Nxd4 Nf6 5. Nc3 d6 6. Bg5 a6 7. Qd2 e6 8.
O-O-O Be7 9. Bxf6 Bxf6 10. Nxc6 bxc6 11. Qxd6 Qxd6 12. Rxd6 O-O 13. Rxc6 Bb7 14.
Rb6 Rab8 15. Bxa6 Bxa6 16. Rxa6 Rb7 17. Rc6 Rfb8 18. b3 g6 19. a4 Kf8 20. Rd1
Ke7 21. Nb5 Be5 22. g3 Rd7 23. Rxd7+ Kxd7 24. Ra6 Rb7 25. c4 f5 26. c5 Rb8 27.
f4 Bc7 28. Ra7 Rc8 29. exf5 exf5 30. Rxc7+ Rxc7 31. Nxc7 1-0

[Event "Challenge"]
[Site "http://www.queenalice.com/game.php?id=1569897"]
[Date "2019.5.5"]
[Round "-"]
[White "Sotto"]
[Black "Tarasca"]
[Result "0-1"]
[WhiteElo "1951"]
[BlackElo "2058"]

1. d4 Nf6 2. Bf4 d5 3. Nf3 c5 4. e3 Nc6 5. Nbd2 e6 6. c3 Bd6 7. Ne5 Qc7 8. Ndf3
cxd4 9. exd4 Ne4 10. Bd3 f6 11. Nxc6 Bxf4 12. Nb4 Nxc3 13. Qc2 Ne4 14. Qxc7 Bxc7
15. Bxe4 dxe4 16. Nd2 f5 17. Nc2 Bd7 18. O-O Ke7 19. a4 Rac8 20. Ne3 Rhd8 21. b4
Bb8 22. b5 Be8 23. Nb3 f4 24. Ng4 h5 25. Ne5 Rc3 26. Rab1 Rxb3 27. Rxb3 Rxd4 0-1

[Event "Challenge"]
[Site "http://www.queenalice.com/game.php?id=1569904"]
[Date "2019.5.5"]
[Round "-"]
[White "Tarasca"]
[Black "Bigchess"]
[Result "1-0"]
[WhiteElo "2019"]
[BlackElo "1835"]

1. e4 d5 2. exd5 Qxd5 3. Nc3 Qd8 4. d4 Nf6 5. Nf3 e6 6. Bc4 Be7 7. O-O c6 8. Qe2
Nbd7 9. a4 Nb6 10. Bd3 Nbd5 11. Ne4 Nxe4 12. Qxe4 Bd7 13. Re1 Qc7 14. Ne5 Rf8
15. Qxh7 O-O-O 16. Qxg7 Rg8 17. Qxf7 Rdf8 18. Qh7 Rh8 19. Qe4 Bh4 20. g3 Bxg3
21. fxg3 Rh3 22. Nxd7 Qxd7 23. Qxe6 1-0

[Event "A jugar"]
[Site "http://www.queenalice.com/game.php?id=1572353"]
[Date "2019.5.26"]
[Round "1"]
[White "ALDROB"]
[Black "Tarasca"]
[Result "0-1"]
[WhiteElo "2016"]
[BlackElo "2126"]

1. d4 Nf6 2. c4 e6 3. Nf3 b6 4. Nc3 Bb4 5. Qc2 Bb7 6. a3 Bxc3+ 7. bxc3 Qe7 8.
Bg5 h6 9. Bh4 d6 10. Rd1 g5 11. Bg3 Nbd7 12. e4 Nxe4 13. Bd3 f5 14. O-O O-O-O
15. Rfe1 Kb8 16. d5 Ndc5 17. Bf1 Qf6 18. Nd4 e5 19. Nc6+ Bxc6 20. dxc6 g4 21. a4
h5 22. f3 Nxg3 23. hxg3 h4 24. Bd3 hxg3 25. Bxf5 Qh4 26. Kf1 Qh1+ 27. Ke2 Qxg2+
0-1

[Event "A jugar"]
[Site "http://www.queenalice.com/game.php?id=1578283"]
[Date "2019.7.23"]
[Round "2"]
[White "Tarasca"]
[Black "BGM9"]
[Result "1-0"]
[WhiteElo "2142"]
[BlackElo "1695"]

1. e4 c5 2. Nf3 d6 3. d4 cxd4 4. Nxd4 Nf6 5. Nc3 a6 6. Bg5 Bg4 7. f3 Bd7 8. Qd2
Nc6 9. O-O-O e5 10. Nf5 Bxf5 11. exf5 h6 12. Bxf6 Qxf6 13. Nd5 Qd8 14. Kb1 f6
15. f4 Rc8 16. Be2 Nd4 17. Bh5+ Kd7 18. Qe3 1-0

[Event "AUTO-MASTER-2869"]
[Site "http://www.queenalice.com/game.php?id=1580427"]
[Date "2019.8.15"]
[Round "1"]
[White "Pin"]
[Black "Tarasca"]
[Result "0-1"]
[WhiteElo "2041"]
[BlackElo "2156"]

1. e4 c5 2. Nf3 d6 3. d4 cxd4 4. Nxd4 Nf6 5. Nc3 a6 6. Bg5 e6 7. f4 Be7 8. Qf3
Qc7 9. O-O-O Nbd7 10. g4 b5 11. Bxf6 Nxf6 12. g5 Nd7 13. f5 Bxg5+ 14. Kb1 Ne5
15. Qh5 h6 16. Nxe6 Bxe6 17. fxe6 g6 18. exf7+ Qxf7 19. Qh3 Rd8 20. Be2 O-O 21.
Nd5 Qf2 22. Qe6+ Kh7 23. Rde1 Qh4 24. Ref1 Rxf1+ 25. Rxf1 Rf8 26. Rh1 Qxe4 27.
Re1 Qxe2 0-1

[Event "AUTO-MASTER-2869"]
[Site "http://www.queenalice.com/game.php?id=1580428"]
[Date "2019.8.15"]
[Round "1"]
[White "Tarasca"]
[Black "Pin"]
[Result "1-0"]
[WhiteElo "2142"]
[BlackElo "2027"]

1. e4 c5 2. Nf3 d6 3. d4 cxd4 4. Nxd4 Nf6 5. Nc3 a6 6. Bg5 e6 7. f4 Be7 8. Qf3
Qc7 9. O-O-O Nbd7 10. g4 h6 11. Bxf6 Nxf6 12. h4 Nd7 13. g5 Nf8 14. Rg1 b5 15.
gxh6 gxh6 16. f5 Bxh4 17. Bxb5+ axb5 18. Ndxb5 Qb8 19. Nxd6+ Ke7 20. Qh5 1-0

[Event "AUTO-MASTER-2869"]
[Site "http://www.queenalice.com/game.php?id=1580441"]
[Date "2019.8.15"]
[Round "1"]
[White "Takeda"]
[Black "Tarasca"]
[Result "0-1"]
[WhiteElo "2089"]
[BlackElo "2171"]

1. e4 c5 2. Nf3 d6 3. d4 cxd4 4. Nxd4 Nf6 5. Nc3 a6 6. Bg5 e6 7. Qf3 Be7 8.
O-O-O Qc7 9. Bd3 Nbd7 10. Rhe1 h6 11. Bh4 O-O 12. g4 Ne5 13. Qe2 Nxe4 14. Bxe7
Nxc3 15. bxc3 Nxd3+ 16. Rxd3 Qxe7 17. f4 e5 18. Nf5 Bxf5 19. gxf5 Rae8 20. Qd2
Qf6 21. Rxd6 Qxf5 22. Rf1 Qh3 23. f5 Qxf1+ 24. Kb2 e4 0-1

[Event "AUTO-MASTER-2869"]
[Site "http://www.queenalice.com/game.php?id=1580442"]
[Date "2019.8.15"]
[Round "1"]
[White "Tarasca"]
[Black "Takeda"]
[Result "1-0"]
[WhiteElo "2185"]
[BlackElo "2083"]

1. e4 e5 2. Nf3 d6 3. d4 exd4 4. Nxd4 Be7 5. Bc4 Nf6 6. Nc3 O-O 7. O-O c5 8.
Nde2 Nc6 9. Nf4 a6 10. a4 Nd4 11. Be3 Ne6 12. Nfd5 Nxd5 13. Nxd5 Bd7 14. a5 Bc6
15. Qg4 Bxd5 16. Bxd5 Rb8 17. Bxe6 fxe6 18. Qxe6+ Kh8 19. Rfd1 Rf6 20. Qc4 Qe8
21. f3 Qh5 22. Rd5 Qg6 23. Bg5 Rf7 24. Bxe7 Rxe7 25. Rad1 b5 26. Qd3 h5 27. Rxd6
Qf7 28. Rxa6 Ra7 29. Rxa7 Qxa7 30. Qd6 Rc8 31. Qe6 Rb8 32. Rd5 c4+ 33. Kf1 g6
34. Qxg6 Qg7 35. Rxh5+ Kg8 36. Qe6+ 1-0

[Event "AUTO-MASTER-2869"]
[Site "http://www.queenalice.com/game.php?id=1580451"]
[Date "2019.8.15"]
[Round "1"]
[White "Tarasca"]
[Black "attachui"]
[Result "1-0"]
[WhiteElo "2197"]
[BlackElo "1936"]

1. e4 c5 2. Nf3 d6 3. d4 cxd4 4. Nxd4 Nf6 5. Nc3 a6 6. Be3 e5 7. Nb3 Nc6 8. Be2
Be6 9. O-O Be7 10. Nd5 Nxe4 11. Bb6 Qd7 12. Nc7+ Kf8 13. Nxa8 f5 14. Nc7 g5 15.
Nxe6+ Qxe6 16. c4 g4 17. f3 gxf3 18. Bxf3 Qxc4 19. Rc1 Qb4 20. Bxe4 Qxe4 21. Nd2
Qb4 22. Rxf5+ Ke8 23. Nc4 Rg8 24. Qh5+ Kd7 25. Qxh7 Rg4 26. Rf8 Rf4 27. Qh3+ 1-0

[Event "AUTO-MASTER-2869"]
[Site "http://www.queenalice.com/game.php?id=1580452"]
[Date "2019.8.15"]
[Round "1"]
[White "attachui"]
[Black "Tarasca"]
[Result "0-1"]
[WhiteElo "1977"]
[BlackElo "2200"]

1. d4 Nf6 2. c4 e6 3. Nc3 Bb4 4. Qc2 O-O 5. Nf3 d5 6. Bf4 dxc4 7. e3 b5 8. a3
Bxc3+ 9. bxc3 Bb7 10. Rb1 Be4 11. Qb2 Bxb1 12. Qxb1 c6 13. h4 Qa5 14. Qc1 Ne4
15. Nd2 Qxc3 16. Qxc3 Nxc3 17. g4 a5 18. h5 h6 19. Bg2 Nd5 20. Bxd5 cxd5 21. Kd1
Nd7 22. g5 hxg5 23. Bxg5 Rfc8 24. Kc2 b4 25. axb4 axb4 26. e4 Ra2+ 27. Kb1 Rca8
28. Rh4 Ra1+ 29. Kc2 R8a2# 0-1

[Event "A jugar"]
[Site "http://www.queenalice.com/game.php?id=1581693"]
[Date "2019.8.28"]
[Round "3"]
[White "fabricioprado"]
[Black "Tarasca"]
[Result "0-1"]
[WhiteElo "1787"]
[BlackElo "2170"]

1. e4 c5 2. Nf3 d6 3. d4 cxd4 4. Nxd4 Nf6 5. Bd3 Nc6 6. Nf3 g6 7. O-O Bg7 8. Nc3
O-O 9. Be3 Ng4 10. Qd2 Nxe3 11. Qxe3 Bg4 12. Rab1 Bxf3 13. Qxf3 Bxc3 14. bxc3
Rb8 15. Rb3 Qa5 16. a3 Qc5 17. Rfb1 Na5 18. Rb5 Qxc3 19. a4 b6 20. h3 Rbc8 21.
Rxa5 Qxa5 22. Ra1 b5 23. Bxb5 Rxc2 24. Qb3 Rfc8 25. Rf1 Rc1 26. Qd3 Rxf1+ 27.
Qxf1 Qd2 28. f3 Rc1 0-1

[Event "A jugar"]
[Site "http://www.queenalice.com/game.php?id=1586165"]
[Date "2019.10.8"]
[Round "4"]
[White "patoche"]
[Black "Tarasca"]
[Result "1/2-1/2"]
[WhiteElo "2666"]
[BlackElo "2197"]

1. e4 c5 2. g3 d5 3. exd5 Qxd5 4. Nf3 Bg4 5. Bg2 Qe6+ 6. Kf1 Nc6 7. h3 Bh5 8. d3
Qd7 9. Na3 e6 10. Nc4 f6 11. Be3 Rc8 12. Kg1 b6 13. Nfe5 Bxd1 14. Nxd7 Bxc2 15.
Nxf8 Kxf8 16. Nd6 Rc7 17. Nb5 Rc8 18. Nd6 Rc7 19. Nb5 Rc8 20. Nd6 Rc7 1/2-1/2

[Event "A jugar"]
[Site "http://www.queenalice.com/game.php?id=1591105"]
[Date "2019.11.23"]
[Round "5"]
[White "Tarasca"]
[Black "jandamian"]
[Result "0-1"]
[WhiteElo "2201"]
[BlackElo "2754"]

1. e4 c5 2. Nf3 d6 3. d4 cxd4 4. Nxd4 Nf6 5. Nc3 a6 6. Bg5 e6 7. f4 Be7 8. Qf3
Qc7 9. O-O-O Nbd7 10. g4 b5 11. Bxf6 Nxf6 12. g5 Nd7 13. f5 O-O 14. Rg1 b4 15.
Nce2 e5 16. f6 exd4 17. fxe7 Re8 18. Nxd4 Ne5 19. Qf4 Rxe7 20. Nf5 Bxf5 21. exf5
a5 22. Rg2 Rb8 23. h4 a4 24. Kb1 a3 25. h5 d5 26. Re2 axb2 27. h6 Qc4 28. Rd4
Qc3 29. Re3 b3 0-1

[Event "Challenge"]
[Site "http://www.queenalice.com/game.php?id=1597196"]
[Date "2020.1.23"]
[Round "-"]
[White "Tarasca"]
[Black "ivansm"]
[Result "1-0"]
[WhiteElo "2205"]
[BlackElo "2184"]

1. e4 e5 2. Nf3 Nc6 3. Bb5 a6 4. Bxc6 dxc6 5. d4 exd4 6. Qxd4 Qxd4 7. Nxd4 c5 8.
Ne2 Be6 9. Nbc3 O-O-O 10. Be3 Bd6 11. O-O-O b6 12. Nf4 Bxf4 13. Rxd8+ Kxd8 14.
Bxf4 Nf6 15. Bg5 h6 16. Bxf6+ gxf6 17. Rd1+ Ke7 18. f4 c6 19. f5 Bd7 20. Na4 Rb8
21. c4 Kd8 22. Rd6 Ke7 23. Rd3 Be8 24. Rh3 Kd6 25. Rxh6 b5 26. Nc3 Ke5 27. Rh8
Rd8 28. h4 b4 29. h5 bxc3 30. bxc3 Kxe4 31. h6 Rd3 32. Rxe8+ Kxf5 33. h7 1-0

[Event "AUTO-MASTER-2869"]
[Site "http://www.queenalice.com/game.php?id=1623644"]
[Date "2020.8.13"]
[Round "2"]
[White "jpribeiro"]
[Black "Tarasca"]
[Result "0-1"]
[WhiteElo "2000"]
[BlackElo "2234"]

1. e4 c5 2. c3 Nf6 3. e5 Nd5 4. c4 Nc7 5. Nc3 Nc6 6. Nf3 Ne6 7. Be2 g6 8. O-O
Bg7 9. Nb5 Nxe5 10. Nxe5 Bxe5 11. Rb1 O-O 12. g3 a6 13. Nc3 Nd4 14. Bd3 f5 15.
f4 Bg7 16. Ne2 b5 17. h3 d5 18. Nxd4 dxc4 19. Be2 Qxd4+ 20. Kg2 Bb7+ 21. Bf3 Be4
22. Bxe4 Qxe4+ 0-1

[Event "AUTO-MASTER-2869"]
[Site "http://www.queenalice.com/game.php?id=1623645"]
[Date "2020.8.13"]
[Round "2"]
[White "Tarasca"]
[Black "jpribeiro"]
[Result "1-0"]
[WhiteElo "2225"]
[BlackElo "1952"]

1. e4 e5 2. Nf3 Nf6 3. Nxe5 d6 4. Nf3 Nxe4 5. d4 Be7 6. Bd3 d5 7. O-O O-O 8. c4
Nf6 9. Nc3 Bg4 10. h3 c6 11. hxg4 1-0